[Event "AUT98_M-ch"]
[Site "Werfen"]
[Date "1998.08.12"]
[Round "5.19"]
[White "Hebesberger, Thomas"]
[Black "Schumi, Manfred "]
[Result "1/2-1/2"]
[WhiteElo "2195"]
[BlackElo "2260"]
[PlyCount "182"]
[EventDate "1998.08.15"]

1. d4 Nf6 2. Nf3 g6 3. Bg5 Bg7 4. Nbd2 O-O 5. e4 d5 6. e5 Ne4 7. Bf4 c5 8. Bd3
Bf5 9. Nh4 e6 10. Nxf5 exf5 11. f3 Nxd2 12. Qxd2 cxd4 13. O-O-O Nc6 14. Rhe1
Re8 15. Bb5 Re6 16. Bxc6 bxc6 17. Qxd4 Qa5 18. Re3 Bf8 19. Kb1 Bc5 20. Qc3 Qb6
21. Red3 Rb8 22. Bg5 Bb4 23. Qb3 Qc7 24. Qa4 Qxe5 25. Re3 Qc7 26. Rxe6 fxe6 27.
Rd3 Bd6 28. Rc3 c5 29. Rb3 Be5 30. c3 Rxb3 31. Qe8+ Kg7 32. axb3 Bf6 33. Be3 d4
34. cxd4 cxd4 35. Bd2 e5 36. Bb4 Qf7 37. Qa8 Be7 38. Bd2 Bc5 39. b4 Bb6 40. Qb8
Qe7 41. h4 h6 42. h5 gxh5 43. Qc8 Qf7 44. Qc6 Qf6 45. Qd7+ Kg6 46. Qe8+ Kg7 47.
Qd7+ Kg6 48. Qe8+ Kh7 49. Qd7+ Qg7 50. Qxf5+ Qg6 51. Qxg6+ Kxg6 52. Kc2 a6 53.
Kd3 Kf5 54. Bxh6 Bd8 55. Bd2 Bh4 56. b3 Bg3 57. Bh6 Bf4 58. Bf8 Bh6 59. b5 axb5
60. Bb4 Be3 61. Be1 Kf4 62. Bh4 Bg1 63. Be1 Bh2 64. Bh4 Bg3 65. Bf6 Bf2 66. Ke2
Bg1 67. Kd3 Be3 68. Bh4 Bg1 69. Bf6 Bf2 70. Ke2 Bg3 71. Kd3 h4 72. Bg7 Kg5 73.
Ke4 h3 74. gxh3 Kh4 75. Bh6 Kxh3 76. f4 exf4 77. Bxf4 d3 78. Bd2 Kg4 79. Kxd3
Kf5 80. Kd4 Ke6 81. Kc5 Kd7 82. Kxb5 Kc8 83. Kc6 Bf2 84. Bf4 Bg1 85. Bd6 Bf2
86. b4 Be3 87. b5 Bf2 88. Bc7 Be3 89. Bg3 Bd4 90. Bd6 Be3 91. Bc5 Bxc5 1/2-1/2

[Event "AUT98_M-ch"]
[Site "Werfen"]
[Date "1998.08.12"]
[Round "5.20"]
[White "Kranewitter, Norbert"]
[Black "Hellmayr, Alois "]
[Result "0-1"]
[WhiteElo "2180"]
[BlackElo "2240"]
[PlyCount "118"]
[EventDate "1998.08.15"]

1. e4 e5 2. Nf3 d6 3. d4 exd4 4. Nxd4 g6 5. Nc3 Bg7 6. Bc4 Nc6 7. Nxc6 bxc6 8.
Qf3 Qf6 9. Qxf6 Nxf6 10. Bd2 Rb8 11. O-O-O O-O 12. h3 Re8 13. Rhe1 Nd7 14. f4
Nc5 15. e5 dxe5 16. Be3 Nd7 17. Bxa7 Rb4 18. b3 Rb7 19. Bf2 Rb8 20. Kb1 Rf8 21.
Na4 exf4 22. Ba7 Ra8 23. Bd4 g5 24. Re7 Bxd4 25. Rxd4 Nb6 26. Rxc7 Nxa4 27.
bxa4 Kg7 28. Bb3 h6 29. h4 Ra6 30. hxg5 hxg5 31. Bxf7 Rxf7 32. Rxc8 Rf6 33. Re8
Kg6 34. Re2 Kh5 35. Kb2 Kh4 36. Kb3 g4 37. Rd7 Kg3 38. Rg7 c5 39. Kc4 Rxa4+ 40.
Kxc5 Rf5+ 41. Kb6 Rxa2 42. Rge7 Rb2+ 43. Kc6 Rb4 44. Rd2 f3 45. gxf3 gxf3 46.
Rg7+ Kf4 47. Re7 Rc4+ 48. Kd6 Rc8 49. Kd7 Rc3 50. Kd6 Kg4 51. Rg7+ Kf4 52. Re7
Rfc5 53. Rf7+ Ke3 54. Rd3+ Rxd3+ 55. cxd3 Rc3 56. Kd5 Rxd3+ 57. Kc4 Rd4+ 58.
Kc3 Re4 59. Kc2 Ke2 0-1

[Event "AUT98_M-ch"]
[Site "Werfen"]
[Date "1998.08.12"]
[Round "5.21"]
[White "Neihs, Harald"]
[Black "Pilaj, Herwig"]
[Result "0-1"]
[WhiteElo "2180"]
[BlackElo "2215"]
[PlyCount "162"]
[EventDate "1998.08.15"]

1. d4 c5 2. Nf3 Nf6 3. Bg5 Qb6 4. b3 Ne4 5. c3 Nxg5 6. Nxg5 cxd4 7. Qxd4 Qg6 8.
Nf3 Nc6 9. Qd3 e6 10. Qxg6 hxg6 11. e4 Bc5 12. Bd3 f6 13. Nbd2 g5 14. Nc4 b5
15. Nb2 Rb8 16. Ke2 g4 17. Nd2 Ne5 18. f3 g5 19. fxg4 Nxg4 20. Raf1 Ke7 21. b4
Bd6 22. h3 Ne5 23. Nf3 Bb7 24. Bxb5 Bxe4 25. Bd3 Nxd3 26. Nxd3 Bd5 27. a3 e5
28. Nb2 a5 29. Rd1 Be6 30. Nd2 axb4 31. axb4 g4 32. h4 f5 33. h5 Rbc8 34. Rc1
Kf6 35. b5 Kg5 36. c4 Ba3 37. Rc2 Bxb2 38. Rxb2 Bxc4+ 39. Nxc4 Rxc4 40. b6 Rcc8
41. Rd1 Rh7 42. Rd5 Re7 43. b7 Rb8 44. Rd6 Kxh5 45. Rbb6 Rg7 46. Rd5 d6 47.
Rbxd6 Rgxb7 48. Rxe5 Rb2+ 49. Kf1 Rb1+ 50. Re1 R1b2 51. Re2 Rxe2 52. Kxe2 Rb2+
53. Kf1 Kh4 54. Rf6 Kg5 55. Ra6 Kf4 56. Ra3 Rb1+ 57. Ke2 Rb2+ 58. Kf1 Ke4 59.
Rc3 Ra2 60. Rb3 Rd2 61. Ra3 Rd3 62. Ra2 Ke3 63. Re2+ Kf4 64. Rf2+ Ke4 65. Ra2
Rb3 66. Rc2 Kf4 67. Rf2+ Kg3 68. Rxf5 Rb1+ 69. Ke2 Kxg2 70. Rg5 g3 71. Rg8 Kh2
72. Rh8+ Kg1 73. Rg8 g2 74. Rh8 Rb7 75. Rh6 Re7+ 76. Kd2 Re5 77. Rh8 Kf2 78.
Rf8+ Kg3 79. Rg8+ Kf3 80. Kd3 Rd5+ 81. Kc2 Rd4 0-1

[Event "AUT98_M-ch"]
[Site "Werfen"]
[Date "1998.08.12"]
[Round "5.22"]
[White "Neuschmied, Siegfried"]
[Black "Stichlberger, Martin "]
[Result "0-1"]
[WhiteElo "2200"]
[BlackElo "2113"]
[PlyCount "100"]
[EventDate "1998.08.15"]

1. e4 d5 2. exd5 Nf6 3. d4 Nxd5 4. Be2 Bf5 5. Nf3 e6 6. O-O Be7 7. a3 O-O 8. c4
Nb6 9. Nc3 c6 10. Bf4 N8d7 11. h3 Re8 12. Re1 Bf6 13. Bf1 a6 14. a4 a5 15. Bd3
Bxd3 16. Qxd3 Nc5 17. Qc2 Na6 18. Ne4 Nb4 19. Qc3 Be7 20. b3 Nc8 21. Re2 Nd6
22. Ng3 g6 23. Rae1 Bf6 24. Be5 Rc8 25. Qe3 Bg7 26. Bxg7 Kxg7 27. c5 Nf5 28.
Nxf5+ gxf5 29. Ne5 h6 30. Nc4 Rg8 31. Nd6 Rc7 32. Rd1 Nd5 33. Qe5+ Qf6 34. Rd3
Qxe5 35. dxe5 Kf8 36. Rg3 Rxg3 37. fxg3 Rd7 38. Rd2 Nc7 39. Rd4 Na6 40. Rc4 Ke7
41. Kf2 f6 42. exf6+ Kxf6 43. Rc3 Ke5 44. Ke3 Rg7 45. Nc4+ Kf6 46. Kd4 Nb4 47.
Nxa5 e5+ 48. Kc4 Nd5 49. Rf3 e4 50. Rf2 Rxg3 0-1

[Event "AUT98_M-ch"]
[Site "Werfen"]
[Date "1998.08.12"]
[Round "5.24"]
[White "Steiner, Bruno"]
[Black "Obermayr, Hermann"]
[Result "1-0"]
[WhiteElo "2185"]
[BlackElo "2160"]
[PlyCount "43"]
[EventDate "1998.08.15"]

1. e4 e6 2. d4 d5 3. Nc3 Bb4 4. e5 Ne7 5. a3 Bxc3+ 6. bxc3 c5 7. Nf3 Nbc6 8.
Bd3 Qc7 9. O-O Bd7 10. Re1 b6 11. Ng5 h6 12. Qh5 g6 13. Qh4 c4 14. Nxf7 Kxf7
15. Bxg6+ Nxg6 16. Qf6+ Ke8 17. Qxg6+ Kd8 18. Qf6+ Kc8 19. Qxh8+ Kb7 20. Qxh6
Ne7 21. Qh7 Nf5 22. g4 1-0

[Event "AUT98_M-ch"]
[Site "Werfen"]
[Date "1998.08.12"]
[Round "5.25"]
[White "Senoner, Erich Jun"]
[Black "Steinermayr, Thomas"]
[Result "1-0"]
[WhiteElo "2160"]
[BlackElo "2220"]
[PlyCount "102"]
[EventDate "1998.08.15"]

1. e4 e5 2. Nf3 Nc6 3. Bb5 a6 4. Ba4 Nf6 5. d3 d6 6. h3 g6 7. O-O Bg7 8. Bg5
O-O 9. Qd2 Ne7 10. c4 Nh5 11. Nc3 f6 12. Be3 f5 13. exf5 gxf5 14. Bg5 Bd7 15.
Bd1 Nf6 16. Nh4 f4 17. Ne4 Nxe4 18. dxe4 Be6 19. c5 Bf6 20. Bxf6 Rxf6 21. cxd6
cxd6 22. Qb4 d5 23. Bb3 d4 24. Qxb7 Bxb3 25. Qxb3+ Kh8 26. Nf3 Rb8 27. Qa3 Ng6
28. Rac1 Rc8 29. Rc5 Rxc5 30. Qxc5 Qd6 31. Qxd6 Rxd6 32. Rc1 Kg7 33. Kf1 Kf6
34. Ke2 Ne7 35. Rc5 Rb6 36. b3 Nc6 37. Nd2 Nb4 38. Nc4 Re6 39. a3 Na2 40. Nd2
Nc3+ 41. Kf3 Rd6 42. g3 fxg3 43. fxg3 Rd8 44. Rc6+ Ke7 45. Rxa6 Rf8+ 46. Kg2
Nd1 47. Nf3 d3 48. Ra5 Ne3+ 49. Kf2 Rxf3+ 50. Kxf3 d2 51. Rxe5+ Kd6 1-0

[Event "AUT98_M-ch"]
[Site "Werfen"]
[Date "1998.08.13"]
[Round "6.1"]
[White "Weiss, Christian"]
[Black "Stanec, Nikolaus"]
[Result "1/2-1/2"]
[WhiteElo "2370"]
[BlackElo "2495"]
[PlyCount "42"]
[EventDate "1998.08.15"]

1. d4 Nf6 2. Nf3 g6 3. Nc3 d5 4. Bg5 Bg7 5. e3 O-O 6. Bd3 Nbd7 7. O-O c5 8. Re1
b6 9. e4 dxe4 10. Nxe4 cxd4 11. Nxd4 Bb7 12. c3 Nc5 13. Nxc5 bxc5 14. Nf3 Qc7
15. Qe2 Nd5 16. Rad1 e6 17. Be4 Rab8 18. Qd2 Nf6 19. Bxb7 Rxb7 20. Ne5 Nd5 21.
Nc4 Nb6 1/2-1/2

[Event "AUT98_M-ch"]
[Site "Werfen"]
[Date "1998.08.13"]
[Round "6.2"]
[White "Kwatschewsky, Leo "]
[Black "Wach, Markus"]
[Result "1/2-1/2"]
[WhiteElo "2275"]
[BlackElo "2395"]
[PlyCount "39"]
[EventDate "1998.08.15"]

1. d4 d5 2. Nf3 Nf6 3. c4 c6 4. e3 Bg4 5. Nc3 Bxf3 6. Qxf3 e6 7. Qd1 Nbd7 8.
Be2 Bd6 9. Qc2 O-O 10. Bd2 Re8 11. h3 e5 12. dxe5 Bxe5 13. O-O d4 14. exd4 Bxd4
15. Rad1 a6 16. Bd3 Ne5 17. Bg5 Nxd3 18. Rxd3 Qa5 19. Rxd4 Qxg5 20. Ne4 1/2-1/2

[Event "AUT98_M-ch"]
[Site "Werfen"]
[Date "1998.08.13"]
[Round "6.3"]
[White "Danner, Georg"]
[Black "Baumegger, Siegfried"]
[Result "1/2-1/2"]
[WhiteElo "2340"]
[BlackElo "2360"]
[PlyCount "189"]
[EventDate "1998.08.15"]

1. d4 e6 2. Nf3 c5 3. e3 Nf6 4. c4 d5 5. cxd5 exd5 6. Nc3 Nc6 7. Be2 Bd6 8.
dxc5 Bxc5 9. O-O O-O 10. b3 a6 11. Bb2 Ba7 12. Rc1 Qd6 13. Qd3 Bg4 14. Rfd1
Rad8 15. Ng5 Bb8 16. g3 Ne5 17. Qc2 Bxe2 18. Qxe2 Qe7 19. Nf3 Rfe8 20. Na4
Nxf3+ 21. Qxf3 Ne4 22. Nc3 Qe6 23. Ne2 Ng5 24. Qg2 Qg4 25. Nd4 Ba7 26. Kf1 h5
27. h4 Ne6 28. Qf3 Bxd4 29. Qxg4 hxg4 30. Bxd4 f6 31. Rc2 Rd6 32. Kg2 Kf7 33.
Bb2 Red8 34. f3 gxf3+ 35. Kxf3 f5 36. g4 fxg4+ 37. Kxg4 R6d7 38. Rf2+ Kg8 39.
Rfd2 Kf7 40. Rf2+ Kg8 41. h5 Nc5 42. Rf5 Ne4 43. Kh4 Kh7 44. Re5 Kg8 45. Re6
Rd6 46. Rxd6 Rxd6 47. Rg1 Rd7 48. h6 g5+ 49. Kh5 Kh7 50. Rc1 Nd6 51. Kxg5 Rf7
52. Bg7 Ne4+ 53. Kh5 Ng3+ 54. Kg5 Nf5 55. Kg4 Nd6 56. Kg5 Ne4+ 57. Kh4 Nd6 58.
Be5 Nf5+ 59. Kg5 Nxe3 60. Bf6 Ng4 61. Kxg4 Rxf6 62. Rc7+ Kxh6 63. Rxb7 Kg6 64.
Rd7 Rc6 65. Rxd5 Kf6 66. Kf4 Ke6 67. Ke4 Rb6 68. Rh5 Rb4+ 69. Kd3 Kd7 70. Rh6
a5 71. Rh5 a4 72. Kc3 Rg4 73. b4 Rg2 74. Rd5+ Kc6 75. Rd2 Rg1 76. Rd3 Rg2 77.
a3 Ra2 78. Kc4 Kb6 79. Rh3 Rc2+ 80. Rc3 Rh2 81. Rd3 Ra2 82. Kd5 Kb5 83. Kd4 Ra1
84. Rh3 Rd1+ 85. Kc3 Rc1+ 86. Kb2 Rg1 87. Rh5+ Kc4 88. Rc5+ Kd4 89. Rc2 Rg3 90.
Ka2 Rh3 91. Rb2 Kc4 92. Rc2+ Kd4 93. Rg2 Kc4 94. Rc2+ Kd4 95. Rd2+ 1/2-1/2

[Event "AUT98_M-ch"]
[Site "Werfen"]
[Date "1998.08.13"]
[Round "6.4"]
[White "Hoelzl, Franz"]
[Black "Duer, Werner"]
[Result "1/2-1/2"]
[WhiteElo "2410"]
[BlackElo "2310"]
[PlyCount "48"]
[EventDate "1998.08.15"]

1. e4 c6 2. d4 d5 3. Nd2 dxe4 4. Nxe4 Bf5 5. Ng3 Bg6 6. h4 h6 7. f4 e6 8. Nf3
Nd7 9. h5 Bh7 10. Bd3 Bxd3 11. Qxd3 Bb4+ 12. c3 Bd6 13. Ne4 Ndf6 14. Ne5 Nxe4
15. Qxe4 Ne7 16. Bd2 Bc7 17. Rh3 Qd5 18. Qxd5 cxd5 19. Ke2 Nf5 20. Rf1 O-O 21.
g4 Nd6 22. Kd1 Ne4 23. Bc1 Bxe5 24. dxe5 f6 1/2-1/2

[Event "AUT98_M-ch"]
[Site "Werfen"]
[Date "1998.08.13"]
[Round "6.5"]
[White "Brandner, Stefan"]
[Black "Kummer, Helmut"]
[Result "0-1"]
[WhiteElo "2340"]
[BlackElo "2315"]
[PlyCount "44"]
[EventDate "1998.08.15"]

1. e4 e5 2. Nf3 Nf6 3. Bc4 Nxe4 4. Nc3 Nxc3 5. dxc3 f6 6. O-O d6 7. Nh4 g6 8.
f4 Qe7 9. Be3 Nc6 10. f5 Qg7 11. Bd3 Ne7 12. fxg6 hxg6 13. Qe1 Bd7 14. Qg3 f5
15. Bg5 f4 16. Qf3 O-O-O 17. Qf2 Kb8 18. Nxg6 Rh5 19. Bxe7 Bxe7 20. Qe2 Qh6 21.
Nxe7 Rxh2 22. Ng6 Rg8 0-1

[Event "AUT98_M-ch"]
[Site "Werfen"]
[Date "1998.08.13"]
[Round "6.6"]
[White "Schneider-Zinner, Harald"]
[Black "Schroll, Gerhard"]
[Result "1/2-1/2"]
[WhiteElo "2300"]
[BlackElo "2400"]
[PlyCount "22"]
[EventDate "1998.08.15"]

1. d4 f5 2. Nf3 Nf6 3. g3 g6 4. c3 Bg7 5. Qb3 Nc6 6. Bg2 e6 7. Bg5 h6 8. Bxf6
Qxf6 9. Nbd2 d5 10. O-O b6 11. e3 11... Nd8 { } 1/2-1/2

[Event "AUT98_M-ch"]
[Site "Werfen"]
[Date "1998.08.13"]
[Round "6.7"]
[White "Posch, Werner"]
[Black "Freitag, Manfred"]
[Result "1-0"]
[WhiteElo "2295"]
[BlackElo "2400"]
[PlyCount "105"]
[EventDate "1998.08.15"]

1. e4 e6 2. d3 d5 3. Nd2 Nf6 4. Ngf3 Be7 5. g3 dxe4 6. dxe4 b6 7. Bb5+ c6 8.
Bc4 a5 9. a4 Na6 10. c3 Nc5 11. Qe2 Qc7 12. e5 Nfd7 13. O-O h6 14. h4 g5 15.
hxg5 hxg5 16. Re1 Bb7 17. Nf1 Kf8 18. Nxg5 b5 19. Ba2 Nxa4 20. Nh2 c5 21. Bb1
c4 22. Nh7+ Ke8 23. Qg4 Nac5 24. Qg7 Rf8 25. Bh6 Qc6 26. f3 Nb3 27. Be4 Qb6+
28. Kg2 Bxe4 29. Rxe4 Nxa1 30. Rf4 Kd8 31. Nxf8 Bxf8 32. Qg8 Kc7 33. Rxf7 Qg1+
34. Kh3 Rc8 35. Bxf8 Kc6 36. Qg7 Nxf8 37. Rxf8 Rxf8 38. Qxf8 Qc5 39. Qa8+ Kb6
40. Ng4 Qc7 41. Nf6 Nb3 42. f4 Nc5 43. g4 b4 44. g5 a4 45. cxb4 Na6 46. Qe8 a3
47. Qxe6+ Kb7 48. bxa3 c3 49. Nd5 Qc4 50. Qb6+ Kc8 51. Ne7+ Kd7 52. Qd6+ Ke8
53. Nd5 1-0

[Event "AUT98_M-ch"]
[Site "Werfen"]
[Date "1998.08.13"]
[Round "6.8"]
[White "Genser, Harald"]
[Black "Herndl, Harald "]
[Result "0-1"]
[WhiteElo "2155"]
[BlackElo "2375"]
[PlyCount "46"]
[EventDate "1998.08.15"]

1. e4 Nf6 2. e5 Nd5 3. d4 d6 4. c4 Nb6 5. exd6 exd6 6. Nc3 Be7 7. h3 O-O 8. Nf3
Bf5 9. Be3 Bf6 10. Bd3 Bxd3 11. Qxd3 d5 12. b3 c5 13. Nxd5 Nxd5 14. cxd5 Qxd5
15. Rd1 cxd4 16. Bxd4 Re8+ 17. Kf1 Rd8 18. Ke2 Qa5 19. Qc2 Qa6+ 20. Ke3 Re8+
21. Kf4 Qd6+ 22. Kg4 h5+ 23. Kxh5 Qf4 0-1

[Event "AUT98_M-ch"]
[Site "Werfen"]
[Date "1998.08.13"]
[Round "6.10"]
[White "Hardt, Christian"]
[Black "Moser, Guenter "]
[Result "1-0"]
[WhiteElo "2135"]
[BlackElo "2355"]
[PlyCount "85"]
[EventDate "1998.08.15"]

1. c4 c5 2. Nf3 Nc6 3. Nc3 g6 4. g3 Bg7 5. Bg2 Nf6 6. O-O O-O 7. d3 d6 8. Rb1
e5 9. a3 a5 10. Bg5 h6 11. Bxf6 Bxf6 12. Nd5 Bg7 13. b4 cxb4 14. axb4 Be6 15.
bxa5 Bxd5 16. cxd5 Nxa5 17. Nd2 f5 18. e4 Ra6 19. Qc2 h5 20. Rb5 Qd7 21. Qb2
Bh6 22. Rb1 Rf7 23. Bh3 h4 24. Qb4 Qd8 25. Nf3 hxg3 26. hxg3 fxe4 27. Qxe4 Kg7
28. Be6 Rc7 29. Kg2 b6 30. Nxe5 dxe5 31. Qxe5+ Kh7 32. Rh1 Rc1 33. Rh2 Qf8 34.
g4 Rc2 35. Kg3 Nc4 36. Qc7+ Kh8 37. g5 Qd6+ 38. Qxd6 Nxd6 39. Rxh6+ Kg7 40. Rb4
Rc3 41. Rbh4 Rxd3+ 42. Kg2 Nf5 43. Rh7+ 1-0

[Event "AUT98_M-ch"]
[Site "Werfen"]
[Date "1998.08.13"]
[Round "6.11"]
[White "Rolletschek, Heinrich "]
[Black "Zoister, Stefan"]
[Result "1-0"]
[WhiteElo "2300"]
[BlackElo "2105"]
[PlyCount "41"]
[EventDate "1998.08.15"]

1. e4 c5 2. Nf3 Nc6 3. d3 Nf6 4. g3 d5 5. Nbd2 e6 6. Bg2 dxe4 7. dxe4 b6 8. O-O
Ba6 9. Re1 Qc7 10. e5 Nd5 11. a3 c4 12. Qe2 b5 13. a4 Qb6 14. axb5 Bxb5 15.
Nxc4 Qc5 16. Bf1 Rb8 17. Qe4 Be7 18. c3 Bxc4 19. Bxc4 Nb6 20. Bd3 Qd5 21. Ra6
1-0

[Event "AUT98_M-ch"]
[Site "Werfen"]
[Date "1998.08.13"]
[Round "6.12"]
[White "Wittmann, Walter "]
[Black "Neubauer, Martin "]
[Result "1/2-1/2"]
[WhiteElo "2380"]
[BlackElo "2305"]
[PlyCount "20"]
[EventDate "1998.08.15"]

1. e4 d6 2. d4 Nf6 3. Nc3 g6 4. Nf3 Bg7 5. Be3 c6 6. Qd2 Nbd7 7. h3 e5 8. dxe5
dxe5 9. a4 Qe7 10. O-O-O 10... O-O { } 1/2-1/2

[Event "AUT98_M-ch"]
[Site "Werfen"]
[Date "1998.08.13"]
[Round "6.13"]
[White "Postl, Anton"]
[Black "Hellmayr, Alois "]
[Result "1-0"]
[WhiteElo "2295"]
[BlackElo "2240"]
[PlyCount "65"]
[EventDate "1998.08.15"]

1. d4 Nf6 2. c4 e6 3. Nc3 Bb4 4. e3 c6 5. a3 Bxc3+ 6. bxc3 d6 7. Bd3 e5 8. e4
c5 9. Ne2 Nc6 10. O-O Qe7 11. Ra2 h6 12. h3 b6 13. f4 Bb7 14. Ng3 Nd7 15. Nf5
Qf8 16. Ne3 cxd4 17. Nd5 O-O-O 18. Bb2 dxc3 19. Bxc3 Ne7 20. a4 Nxd5 21. cxd5
Kb8 22. a5 f6 23. axb6 axb6 24. Bb5 Qe7 25. Qa4 Kc7 26. fxe5 Nc5 27. exf6 Qxe4
28. Qxe4 Nxe4 29. fxg7 Rhg8 30. Rf7+ Kb8 31. Bc6 Bxc6 32. dxc6 Rc8 33. Rb7# 1-0

[Event "AUT98_M-ch"]
[Site "Werfen"]
[Date "1998.08.13"]
[Round "6.14"]
[White "Roth, Peter"]
[Black "Raffalt, Manfred"]
[Result "0-1"]
[WhiteElo "2275"]
[BlackElo "2180"]
[PlyCount "28"]
[EventDate "1998.08.15"]

1. e4 e6 2. d4 d5 3. Nc3 Bb4 4. e5 c5 5. a3 Bxc3+ 6. bxc3 Ne7 7. Qg4 O-O 8. Nf3
Nbc6 9. h4 f6 10. exf6 Rxf6 11. Bg5 e5 12. Qg3 Nf5 13. Bxf6 Qa5 14. Qg5 14...
Qxc3+ { } 0-1

[Event "AUT98_M-ch"]
[Site "Werfen"]
[Date "1998.08.13"]
[Round "6.15"]
[White "Hiermann, Dietmar"]
[Black "Petschar, Kurt"]
[Result "1/2-1/2"]
[WhiteElo "2205"]
[BlackElo "2260"]
[PlyCount "59"]
[EventDate "1998.08.15"]

1. e4 c5 2. Nc3 Nc6 3. f4 e6 4. Nf3 d5 5. Bb5 Nge7 6. Ne5 Bd7 7. exd5 exd5 8.
Qe2 Nxe5 9. Qxe5 a6 10. Be2 Be6 11. Bh5 Qd7 12. O-O Nc6 13. Qg5 h6 14. Qh4 Be7
15. Qf2 g6 16. Bf3 Nd4 17. d3 h5 18. Nd1 h4 19. Ne3 h3 20. g3 Nxf3+ 21. Qxf3 f5
22. c4 O-O-O 23. b4 cxb4 24. Bb2 d4 25. Nc2 Bc5 26. Rfe1 Bxc4 27. dxc4 d3+ 28.
Kf1 dxc2 29. Bxh8 Rxh8 30. Qd5 1/2-1/2

[Event "AUT98_M-ch"]
[Site "Werfen"]
[Date "1998.08.13"]
[Round "6.16"]
[White "Titz, Heimo"]
[Black "Rogetzer, Klaus"]
[Result "1-0"]
[WhiteElo "2310"]
[BlackElo "2210"]
[PlyCount "59"]
[EventDate "1998.08.15"]

1. Nf3 Nf6 2. d4 g6 3. c4 Bg7 4. Nc3 O-O 5. e4 d6 6. Be2 e5 7. d5 Na6 8. O-O c6
9. Bg5 h6 10. Bh4 g5 11. Bg3 cxd5 12. cxd5 Nc5 13. Nd2 Nfxe4 14. Ncxe4 Nxe4 15.
Nxe4 f5 16. Nc3 f4 17. Bd3 fxg3 18. hxg3 g4 19. Qe2 h5 20. Rad1 Rf6 21. Ne4 Rh6
22. Qe3 Bd7 23. Ng5 h4 24. gxh4 Rxh4 25. g3 Rh5 26. Ne6 Qf6 27. Be4 Bb5 28.
Rfe1 Qh6 29. Qxh6 Bxh6 30. Nc7 1-0

[Event "AUT98_M-ch"]
[Site "Werfen"]
[Date "1998.08.13"]
[Round "6.17"]
[White "Grabher, Heinz"]
[Black "Hebesberger, Thomas"]
[Result "0-1"]
[WhiteElo "2285"]
[BlackElo "2195"]
[PlyCount "72"]
[EventDate "1998.08.15"]

1. e4 c5 2. Nf3 d6 3. d4 Nf6 4. Nc3 cxd4 5. Nxd4 g6 6. Be3 Bg7 7. f3 Nc6 8. Qd2
O-O 9. Bc4 Bd7 10. O-O-O Ne5 11. Bb3 Qa5 12. h4 Rfc8 13. Kb1 b5 14. h5 Nxh5 15.
g4 Nf6 16. Bh6 Rxc3 17. Bxg7 Kxg7 18. Qh6+ Kg8 19. g5 Nh5 20. Rxh5 gxh5 21. f4
Rxb3 22. axb3 b4 23. f5 Qd8 24. Qxh5 Kh8 25. Rh1 Qg8 26. Ne2 Bc6 27. Ng3 Qg7
28. Qh3 Qg8 29. f6 e6 30. Qh4 Qg6 31. Rd1 Rg8 32. Rh1 a5 33. Ka2 Nf3 34. Qf4
Nxg5 35. Qxd6 Bxe4 36. Rf1 Bxc2 0-1

[Event "AUT98_M-ch"]
[Site "Werfen"]
[Date "1998.08.13"]
[Round "6.18"]
[White "Sulyok, Michael"]
[Black "Steiner, Bruno"]
[Result "1-0"]
[WhiteElo "2270"]
[BlackElo "2185"]
[PlyCount "81"]
[EventDate "1998.08.15"]

1. c4 e5 2. Nc3 Nc6 3. Nf3 d6 4. d4 g6 5. dxe5 Nxe5 6. Nxe5 dxe5 7. Qxd8+ Kxd8
8. Bg5+ f6 9. Rd1+ Bd7 10. Be3 Kc8 11. g3 Bd6 12. b3 Bb4 13. Bd2 a5 14. Bg2 c6
15. O-O Kc7 16. Ne4 Be7 17. f4 Bg4 18. Rfe1 Bb4 19. fxe5 fxe5 20. Rf1 Bxd2 21.
Rf7+ Kb6 22. Rxd2 Nh6 23. Re7 Nf5 24. Rxe5 Rae8 25. Rxe8 Rxe8 26. h3 Bxh3 27.
Nf6 Bxg2 28. Nxe8 Be4 29. Kf2 c5 30. Nf6 Bc6 31. Nxh7 a4 32. e3 axb3 33. axb3
Ka5 34. Nf8 Kb4 35. Nxg6 Kxb3 36. g4 Ng7 37. Ne5 Be4 38. g5 b5 39. cxb5 c4 40.
Rd4 c3 41. Rxe4 1-0

[Event "AUT98_M-ch"]
[Site "Werfen"]
[Date "1998.08.13"]
[Round "6.19"]
[White "Waldmann, Gerald"]
[Black "Gerhold, Michael"]
[Result "1-0"]
[WhiteElo "2175"]
[BlackElo "2265"]
[PlyCount "91"]
[EventDate "1998.08.15"]

1. e4 c5 2. c3 d5 3. exd5 Qxd5 4. d4 Nf6 5. Nf3 Bg4 6. Nbd2 Nc6 7. Bc4 Bxf3 8.
gxf3 Qf5 9. Qb3 O-O-O 10. Bb5 Rd6 11. O-O Nd5 12. Ne4 Rg6+ 13. Ng3 h5 14. h4
Qxf3 15. Bxc6 bxc6 16. c4 Qxb3 17. axb3 Nc7 18. dxc5 e5 19. b4 a6 20. Re1 f6
21. Kg2 Be7 22. Kf3 Rg4 23. Nf5 Kd7 24. b3 Ke6 25. Nxe7 Kxe7 26. Re4 Rxe4 27.
Kxe4 Rd8 28. Be3 Ke6 29. Rg1 f5+ 30. Kf3 Kf7 31. Ke2 g6 32. f3 f4 33. Bf2 Rb8
34. Rd1 Rxb4 35. Rd7+ Ke6 36. Rxc7 Rxb3 37. Rxc6+ Kf5 38. Rxa6 Rb2+ 39. Kf1 Rc2
40. Ra4 e4 41. fxe4+ Kxe4 42. c6 Kf3 43. Ra3+ Kg4 44. Ra4 Kf3 45. Be1 Rh2 46.
Ra3+ 1-0

[Event "AUT98_M-ch"]
[Site "Werfen"]
[Date "1998.08.13"]
[Round "6.20"]
[White "Schumi, Manfred "]
[Black "Hinteregger, Arthur"]
[Result "1-0"]
[WhiteElo "2260"]
[BlackElo "2160"]
[PlyCount "69"]
[EventDate "1998.08.15"]

1. e4 e6 2. d4 d5 3. Nd2 Nf6 4. e5 Nfd7 5. f4 c5 6. Ndf3 Nc6 7. c3 Qb6 8. g3
cxd4 9. cxd4 Bb4+ 10. Kf2 f6 11. Kg2 fxe5 12. fxe5 O-O 13. Bd3 h6 14. Ne2 g5
15. Rf1 Kg7 16. Bc2 Rf7 17. h4 g4 18. Bxh6+ Kxh6 19. Qc1+ Kg7 20. Qg5+ Kf8 21.
Nh2 Nxd4 22. Rxf7+ Kxf7 23. Nxd4 Nf8 24. Bg6+ Nxg6 25. Rf1+ Ke8 26. Qxg6+ Kd8
27. Qg8+ Kd7 28. Qxg4 Be7 29. Rf7 Qxb2+ 30. Kh3 Qb4 31. Ndf3 a5 32. h5 Ra6 33.
h6 Qb1 34. Qg7 Qb4 35. h7 1-0

[Event "AUT98_M-ch"]
[Site "Werfen"]
[Date "1998.08.13"]
[Round "6.21"]
[White "Pilaj, Herwig"]
[Black "Stichlberger, Martin "]
[Result "0-1"]
[WhiteElo "2215"]
[BlackElo "2113"]
[PlyCount "56"]
[EventDate "1998.08.15"]

1. d4 h6 2. e4 g5 3. Bd3 Bg7 4. c3 c5 5. dxc5 Qc7 6. Be3 Na6 7. Bxa6 bxa6 8.
Nd2 Rb8 9. Rb1 Bb7 10. Ngf3 Nf6 11. Bd4 Nh5 12. O-O Rg8 13. g3 f5 14. Nh4 Nxg3
15. hxg3 Bxd4 16. Qh5+ Kd8 17. cxd4 gxh4 18. Qxh4 fxe4 19. Nxe4 Qc6 20. d5 Qxd5
21. Rfe1 Bc6 22. Rbd1 Qf5 23. Nd2 Rg5 24. Qd4 Qh3 25. Ne4 Rh5 26. f4 Qh2+ 27.
Kf1 Rxb2 28. Rd2 Bb5+ 0-1

[Event "AUT98_M-ch"]
[Site "Werfen"]
[Date "1998.08.13"]
[Round "6.22"]
[White "Wiedner, Robert"]
[Black "Senoner, Erich Jun"]
[Result "1-0"]
[WhiteElo "2190"]
[BlackElo "2160"]
[PlyCount "69"]
[EventDate "1998.08.15"]

1. c4 Nf6 2. Nc3 d5 3. cxd5 Nxd5 4. Nf3 g6 5. Qb3 e6 6. Nxd5 exd5 7. Qc3 f6 8.
e3 Bg7 9. h4 Qe7 10. h5 f5 11. d4 Be6 12. Bd2 O-O 13. hxg6 hxg6 14. Qb3 b6 15.
Be2 Nd7 16. Nh4 Bf7 17. Qd3 c5 18. O-O-O Rac8 19. Bc3 Nf6 20. dxc5 bxc5 21. Qa6
Rcd8 22. g4 Rd6 23. Qa3 fxg4 24. Bd3 Ne4 25. Bxg7 Kxg7 26. Bxe4 Qxe4 27. Qxc5
d4 28. f3 Qxe3+ 29. Kb1 Qe6 30. b3 Qd5 31. Qc1 Rh8 32. fxg4 Qe4+ 33. Ka1 Rc6
34. Qg5 Rxh4 35. Qxh4 1-0

[Event "AUT98_M-ch"]
[Site "Werfen"]
[Date "1998.08.13"]
[Round "6.23"]
[White "Buerger, Thomas "]
[Black "Kranewitter, Norbert"]
[Result "0-1"]
[WhiteElo "2159"]
[BlackElo "2180"]
[PlyCount "24"]
[EventDate "1998.08.15"]

1. e4 c6 2. Ne2 d5 3. e5 Bf5 4. Nd4 Bg6 5. h4 h6 6. e6 Qd6 7. exf7+ Bxf7 8. Nf3
Nd7 9. d4 O-O-O 10. c3 e5 11. Nxe5 Nxe5 12. Bf4 Nd3+ 0-1

[Event "AUT98_M-ch"]
[Site "Werfen"]
[Date "1998.08.13"]
[Round "6.24"]
[White "Neuschmied, Siegfried"]
[Black "Wersching, Alfred"]
[Result "1/2-1/2"]
[WhiteElo "2200"]
[BlackElo "2100"]
[PlyCount "108"]
[EventDate "1998.08.15"]

1. e4 Nf6 2. e5 Nd5 3. d4 d6 4. Nf3 Bg4 5. Be2 e6 6. O-O Be7 7. exd6 cxd6 8. c4
Nf6 9. Nc3 O-O 10. h3 Bh5 11. Bf4 Qb6 12. Qd2 Rd8 13. d5 Bxf3 14. Bxf3 e5 15.
Be3 Qa5 16. a3 a6 17. b4 Qc7 18. Be2 Nbd7 19. Rfc1 b6 20. Bd3 Qb7 21. f3 Rdc8
22. Qe2 Ne8 23. Bc2 g6 24. Ba4 Rab8 25. Bc6 Qa7 26. Qf2 Bd8 27. g4 Ng7 28. Ne4
Qc7 29. f4 f5 30. Nc3 exf4 31. Bxf4 Ne5 32. Bxe5 dxe5 33. gxf5 gxf5 34. Kh1 e4
35. Ra2 Qe5 36. Ne2 Bc7 37. Rg1 Kh8 38. Qg3 Qxg3 39. Nxg3 Bxg3 40. Rxg3 f4 41.
Rg1 Nh5 42. Re2 e3 43. Rg5 Ng3+ 44. Rxg3 fxg3 45. Rxe3 Rg8 46. Kg2 Rbf8 47.
Rxg3 Rf6 48. Bb7 Re8 49. Bxa6 Re2+ 50. Kg1 Re1+ 51. Kh2 h5 52. Rg5 h4 53. Rh5+
Kg7 54. Rxh4 Re2+ 1/2-1/2